000 00356nam a22001577a 4500
003 SGT
020 _a978-81-312-1159-5
082 _a617.3, W13W
100 _aWILSON, J. N.
245 _aWATSON-JONES FRACTURES AND JOIN INJURIES
250 _a7TH
260 _aINDIA
_bELSEVIER
_c2013
300 _a1164
650 _aORTHOPEDICS
942 _2ddc
_cBK
_01
999 _c9036
_d9036